|
|
|
|
| LEADER |
01347nam a2200373 a 4500 |
| 001 |
nkc20051627611 |
| 003 |
CZ PrNK |
| 005 |
20120216135318.0 |
| 007 |
ta |
| 008 |
050922s2005 xr g 000 f cze d |
| 015 |
|
|
|a cnb001627611
|
| 020 |
|
|
|a 80-7309-199-2
|q (brož.)
|
| 035 |
|
|
|a (OCoLC)80555712
|
| 040 |
|
|
|a ULG001
|b cze
|d OLA001
|d BOA001
|
| 041 |
1 |
|
|a cze
|h fre
|
| 072 |
|
7 |
|a 821.133.1-3
|x Francouzská próza, francouzsky psaná
|2 Konspekt
|9 25
|
| 080 |
|
|
|a 821.133.1-31
|2 MRF
|
| 080 |
|
|
|a (0:82-31)
|2 MRF
|
| 100 |
1 |
|
|a Hugo, Victor,
|d 1802-1885
|7 jn19990003739
|4 aut
|
| 240 |
1 |
0 |
|a Notre-Dame de Paris.
|l Česky
|7 aun2009518844
|
| 245 |
1 |
0 |
|a Chrám Matky Boží v Paříži /
|c Victor Hugo ; [z francouzského originálu ... přeložila Milena Tomášková]
|
| 250 |
|
|
|a 1. vyd. v nakl. Levné knihy KMa
|
| 260 |
|
|
|a Praha :
|b Levné knihy KMa,
|c 2005
|
| 300 |
|
|
|a 465 s. ;
|c 21 cm
|
| 490 |
1 |
|
|a Edice světových autorů
|
| 655 |
|
7 |
|a francouzské romány
|7 fd132289
|2 czenas
|
| 655 |
|
9 |
|a French fiction
|2 eczenas
|
| 700 |
1 |
|
|a Tomášková, Milena,
|d 1918-2002
|7 jk01132686
|4 trl
|
| 830 |
|
0 |
|a Edice světových autorů (Levné knihy KMa)
|0 s
|
| 910 |
2 |
|
|a BOA001
|b 2-1166.518
|
| 990 |
|
|
|a BK
|
| 995 |
|
|
|a 01
|
| 991 |
|
|
|b 200604
|
| 996 |
6 |
|
|b 2610276375
|c 2-1166.518
|l MZK
|r Sklad / do 1 hodiny
|n 5
|p p.v.
|w 000812486
|u 000010
|a 1
|e BOA001
|j MZK50
|s P
|